|
|
|
|
| LEADER |
00000nab a2200000 ar4500 |
| 001 |
vtls010113690 |
| 003 |
SK-MaSNL |
| 005 |
20260304022122.0 |
| 008 |
100709c2010 xo wr|p|||||||000 b|slo |
| 038 |
|
|
|a PPPK
|
| 040 |
|
|
|a PPPKCL
|b slo
|c PPPKCL
|e AACR2
|
| 041 |
0 |
|
|a slo
|
| 044 |
|
|
|a xo
|c SK
|
| 072 |
|
7 |
|a 67/68
|x Remeslá. Rôzne odvetvia priemyslu
|2 konspekt
|
| 080 |
|
|
|a 745/749.079
|2 2001
|
| 245 |
0 |
0 |
|a Na jubilejnom EĽRO vystúpi Richard Müller
|c [autor] (red)
|
| 611 |
2 |
7 |
|a Európske ľudové remeslo
|n (20. :
|d 2010 :
|c Kežmarok, Slovensko)
|2 pppkcl
|9 1104873
|
| 648 |
|
7 |
|a 9.7.-11.7.2010
|2 pppkcl
|9 1104874
|
| 650 |
0 |
7 |
|a remeslá
|2 pppkcl
|9 4998
|
| 650 |
0 |
7 |
|a remeselná výroba
|2 pppkcl
|9 2354
|
| 650 |
0 |
7 |
|a ľudové remeslá
|x festivaly
|2 pppkcl
|9 1034315
|
| 651 |
|
7 |
|a Kežmarok (Slovensko)
|2 pppkcl
|9 26808
|
| 773 |
0 |
|
|t Podtatranské noviny
|g Roč. LI, č. 24 (2010), s. 9
|x 1210-2423
|
| 852 |
|
|
|a PPPK
|b KIS3GCP
|
| 999 |
|
|
|c 2609713
|d 2611643
|